000 00995nam a2200193Ii 4500
003 JO-AjNU
008 230605s9999||||xx |||||||||||||| ||und||
040 _aJO-AjNU
_bara
_erda
_cJO-AjNU
041 _aara
050 1 4 _aCB53.D8712 2002
100 3 _aديورانت، ول وايريل؛ ترجمة عبدالرحمن عبدالله الشيخ,
_eauthor
_960454
245 0 0 _aقصة الحضارة: عصر نابوليون تاريخ الحضارة الاوروبية من 1789الى 1815، ج45-46-47، مجلد11، الكتاب الثالث
264 3 1 _aبيروت،ابو ظبي: دار الجيل للنشر والطباعة والتوزيع،المجمع الثقافي، 2002
300 _aج 45-46-47 ،مج ، الكتاب الثالث11: ترقيم متعدد
_b ويحتوي على قائمة مراجع وحواشي
336 _atext
_btxt
_2rdacontent
337 _aunmediated
_bn
_2rdamedia
338 _avolume
_bnc
_2rdacarrier
650 4 _aالحضارة-تاريخ
_960455
999 _aA27261
_c30829
_d30829